Vybrané kapitoly z účtovníctva podnikateľských subjektov II

Salvato in:
Dettagli Bibliografici
Autore principale: Szászová, Renáta
Ente Autore: Ekonomická univerzita v Bratislave. Fakulta hospodárskej informatiky
Altri autori: Šlosárová, Anna, Juhászová, Zuzana, 1970-, Hornická, Renáta, 1977-, Máziková, Katarína, Mázik, Ján
Natura: Libro
Lingua:slovacco
Pubblicazione: Bratislava Vydavateľstvo EKONÓM 2012
Edizione:1. vyd.
Soggetti:
Tags: Aggiungi Tag
Nessun Tag, puoi essere il primo ad aggiungerne!!

MARC

LEADER 00000nam a2200000 4500
001 0166197
005 20240502072910.1
020 |a 978-80-225-3528-1 
041 0 |a slo 
044 |a SK 
245 1 0 |a Vybrané kapitoly z účtovníctva podnikateľských subjektov II  |c kolektív autorov ; recenzenti: Katarína Máziková, Ján Mázik 
250 |a 1. vyd. 
264 1 |a Bratislava  |b Vydavateľstvo EKONÓM  |c 2012 
300 |a 150 s. [7,73 AH] 
610 2 0 |a účtovníctvo 
610 2 0 |a podnikanie 
610 2 0 |a majetok 
610 2 0 |a vzťahy zúčtovacie 
610 2 0 |a rezervy 
610 2 0 |a náklady 
610 2 0 |a výnosy 
610 2 0 |a inventarizácia 
610 2 0 |a oceňovanie 
100 1 |a Szászová, Renáta 
700 1 |a Šlosárová, Anna 
700 1 |a Juhászová, Zuzana, 1970- 
700 1 |a Hornická, Renáta, 1977- 
700 1 |a Máziková, Katarína 
700 1 |a Mázik, Ján 
710 2 |a Ekonomická univerzita v Bratislave. Fakulta hospodárskej informatiky